000 00958cam a22003377a 4500
003 CHAP
005 20220817042423.0
008 971013s1980 r 00010 d
010 _a44096
011 _a45068
035 _a49207
040 _cCHAP
090 _aFolleto 7115
110 _aFAO
245 0 _aOrdenación de la explotación pesquera en los grandes ríos
260 _aRoma :
_bFAO,
_c1980
300 _a45 p.
410 _aFAO
490 0 _aDocumento técnico de pesca
_v; 194
590 _aBATCH-UPD
_b10
_c20130110
_lUCH01
_h1055
590 _aBATCH-UPD
_b10
_c20130410
_lUCH01
_h0650
590 _aBATCH-UPD
_b10
_c20130914
_lUCH01
_h1213
590 _aCONVERSION
_b10
_c20130109
_lUCH01
_h1324
650 1 4 _aPesca.
700 0 _aWelcomme, Robin L.
_9121418
810 0 _aFAO
830 0 0 _aDocumento técnico de pesca
_v; 194
_933242
901 _aBK
942 _cFOLL
949 _aFolleto 7115
_bBC
_cFAO
_d-111091
_eFAO1
_i49207
_mD
_si
999 _c44096
_d44096